Statistieken voor Landen met de meeste buurlanden van A tot Z

Klik hier om de quiz te nemen!

Algemene statistieken

  • Deze quiz is 189 keer genomen
  • De gemiddelde score is 11 van 24

Antwoordstatistieken

LetterLandBuurlanden% Correct
CChina14
81%
RRusland14
80%
DDuitsland9
76%
FFrankrijk10
63%
BBrazilië10
61%
QQatar1
61%
AAfghanistan | Algerije6
56%
HHongarije7
56%
ZZambia8
51%
OOostenrijk8
49%
UUruguay2
46%
PPolen7
45%
VVenezuela | Vietnam3
43%
JJordanië5
41%
KKazachstan | Kenia5
40%
NNiger7
39%
IIran7
37%
TTanzania | Turkije8
37%
WWit-Rusland5
34%
MMali7
32%
SServië8
32%
EEthiopië6
26%
LLibië6
26%
GGuinee6
23%

Scoreverdeling

Percentiel versus Aantal Correcte Antwoorden

Procent van Mensen met Elke Score

Uw Scoregeschiedenis

U heeft deze quiz nog niet genomen